| 000 | 00500nam a2200133Ia 4500 | ||
|---|---|---|---|
| 008 | 171212s9999 xx 000 0 und d | ||
| 020 | _a9781921666087 | ||
| 245 |
_ceditor Koch, Harold;Hercus, Luise _aAboriginal Placenames _bNaming and re-naming the Australian landscape |
||
| 260 |
_bANU E Press _c2009 |
||
| 440 | _aAboriginal History Monographs | ||
| 650 | _aHistory | ||
| 650 | _aNames, Aboriginal Australian; Names, Geographical -- Australia | ||
| 856 | _uwww.jstor.org/stable/10.2307/j.ctt24h9tz | ||
| 999 |
_c350980 _d350980 |
||